Cambios en distribución potencial y amenaza de cuatro cultivos agrícolas según modelación de máxima entropía para cuatro escenarios de cambio climático en Costa Rica
में बचाया:
| मुख्य लेखक: | |
|---|---|
| स्वरूप: | पुस्तक |
| भाषा: | Spanish |
| प्रकाशित: |
San José, Costa Rica
2016
|
| विषय: | |
| टैग: |
टैग जोड़ें
कोई टैग नहीं, इस रिकॉर्ड को टैग करने वाले पहले व्यक्ति बनें!
|
MARC
| LEADER | 00000nam a22000007a 4500 | ||
|---|---|---|---|
| 003 | 012518 | ||
| 005 | 20221231144138.0 | ||
| 008 | 170120b2016 cr a|||| m||| 00| ||spa d | ||
| 040 | |c cru CEDI | ||
| 090 | |a TFG 7669 | ||
| 100 | |9 6463 |a Coto Fonseca, Alberto Francisco | ||
| 245 | |a Cambios en distribución potencial y amenaza de cuatro cultivos agrícolas según modelación de máxima entropía para cuatro escenarios de cambio climático en Costa Rica | ||
| 260 | |a San José, Costa Rica |c 2016 | ||
| 300 | |a viii, 51 [10]; ilustraciones a color | ||
| 500 | |a Tesis (licenciatura en ingeniería agrícola)--Universidad de Costa Rica. Facultad de Ingeniería. Escuela de Ingeniería de Biosistemas | ||
| 650 | |x CAMBIOS CLIMATICOS - COSTA RICA |x BIOCLIMATOLOGIA - COSTA RICA |x CAMBIOS CLIMATICOS - ASPECTOS AMBIENTALES |x CAMBIOS CLIMATICOS - ASPECTOS ECONOMICOS |x CAFE |x ARROZ |x PIÑA |x CAÑA DE AZUCAR |9 6464 | ||
| 942 | |c TFG | ||
| 999 | |c 17546 |d 17546 | ||
